000 00314 a2200145 4500
001 154370
040 _cEscola São Tomás de Aquino
100 _aLIMA, Mirna
240 1 0 _aPorta aberta
_lpor
245 1 0 _aPorta aberta
300 _a239
362 0 _a2011
697 _aGEOGRAFIA GERAL / VIAGENS
942 _cBK
999 _c154370
_d154370